000 00312nam a22001337a 4500
003 SGT
082 _a617.96
_bS15F
100 _aFLOOD, PAMETA
245 _aSTOELTING'S PHARMACOLOGY & PHYSIOLOGY IN ANESTHETIC PRACTICE
250 _a5TH
260 _aINDIA
_bWOLTER
_c2015
300 _a928
942 _2ddc
_cBK
999 _c14827
_d14827